| 000 | 01694cam a22004337a 4500 | ||
|---|---|---|---|
| 003 | CHAP | ||
| 005 | 20230822062641.0 | ||
| 008 | 971010s1972 r 00010 d | ||
| 010 | _a63742 | ||
| 011 | _a64714 | ||
| 035 | _a70792 | ||
| 040 | _cCHAP | ||
| 082 | 0 | 4 |
_a301.35 _bB3Y |
| 100 | 0 | 0 |
_aBataillon, Claude. _910774 |
| 245 | 1 | 3 | _aLa ciudad y el campo en el México central |
| 260 |
_aMéxico, D. F. : _bSiglo XXI, _c1972 |
||
| 300 | _a343 p. mapas láms. | ||
| 490 | 0 | _aEconomía y demografía | |
| 590 |
_aBATCH-UPD _b10 _c20130110 _lUCH01 _h0058 |
||
| 590 |
_aBATCH-UPD _b10 _c20130110 _lUCH01 _h1130 |
||
| 590 |
_aBATCH-UPD _b10 _c20130409 _lUCH01 _h2046 |
||
| 590 |
_aBATCH-UPD _b10 _c20130410 _lUCH01 _h0719 |
||
| 590 |
_aBATCH-UPD _b10 _c20130914 _lUCH01 _h1708 |
||
| 590 |
_aCONVERSION _b10 _c20130109 _lUCH01 _h1334 |
||
| 650 | 1 | 4 |
_aMéxico _xCondiciones económicas. |
| 650 | 1 | 4 |
_aMéxico _xCondiciones sociales. _976730 |
| 650 | 1 | 4 |
_aSociología rural _xMéxico. _9108233 |
| 650 | 1 | 4 |
_aVida Urbana. _9119215 |
| 830 | 0 | 4 |
_aEconomía y demografía (Siglo XXI Editores) _935280 |
| 901 | _aBK | ||
| 942 | _cLIBRO | ||
| 949 |
_a301.35 B3Y _bBC _cLIBRO _d33724000291167 _eLIBRO _fc.6 _h48076 _i70792 _si |
||
| 949 |
_a301.35 B3Y _bBC _cLIBRO _d33724000291183 _eLIBRO _fc.7 _h48425 _i70792 _si |
||
| 949 |
_a301.35 B3Y _bBC _cLIBRO _d33724000291209 _eLIBRO _fc.4 _h47119 _i70792 _si |
||
| 949 |
_a301.35 B3Y _bBC _cLIBRO _d33724000291217 _eLIBRO _fc.2 _h29810 _i70792 _si |
||
| 949 |
_a301.35 B3Y _bBC _cLIBRO _d33724000291225 _eLIBRO _fc.3 _h33746 _i70792 _si |
||
| 949 |
_a301.35 B3Y _bBC _cLIBRO _d33724000291233 _eLIBRO _fc.5 _h48075 _i70792 _si |
||
| 949 |
_a301.35 B3Y _bBC _cLIBRO _d33724000291241 _eLIBRO _h29809 _i70792 _si |
||
| 999 |
_c63742 _d63742 |
||